000 00661cam a22002173a 4500
001 43719
003 PGUSA
005 20140828084008.0
008 130914s2013||||xxu|||||s|||||000 | eng d
040 _aPGUSA
_beng
042 _adc
100 1 _aEucken, Rudolf,
_d1846-1926
245 1 0 _aLife's Basis and Life's Ideal :
_bThe Fundamentals of a New Philosophy of Life
_h[electronic resource] /
_cRudolf Eucken
260 _bProject Gutenberg,
_c2013
506 _aPublic domain in the USA.
516 _aElectronic text
700 1 _aWidgery, Alban G.
830 0 _aProject Gutenberg
_v43719
856 4 0 _uhttp://www.gutenberg.org/ebooks/43719
942 _cEB
999 _c272970
_d272970